ORGANIC SPECTROSCOPY PRINCIPLES AND THEIR SOLUTION (Record no. 15701)

MARC details
000 -LEADER
fixed length control field 00278nam a22001217a 4500
003 - CONTROL NUMBER IDENTIFIER
control field SGT
082 ## - DEWEY DECIMAL CLASSIFICATION NUMBER
Item number SIN
100 ## - MAIN ENTRY--PERSONAL NAME
Personal name SINGH, JAGDAMBA
245 ## - TITLE STATEMENT
Title ORGANIC SPECTROSCOPY PRINCIPLES AND THEIR SOLUTION
260 ## - PUBLICATION, DISTRIBUTION, ETC. (IMPRINT)
Name of publisher, distributor, etc PRAGATI PRAKASHAN
Year of Publication 2018
300 ## - PAGE DESCRIPTION
No. of Pages 431
942 ## - ADDED ENTRY ELEMENTS (KOHA)
Source of classification or shelving scheme Dewey Decimal Classification
Koha item type Books
942 ## - ADDED ENTRY ELEMENTS (KOHA)
-- 56
Holdings
Withdrawn status Lost status Source of classification or shelving scheme Damaged status Not for loan Home library Current library Shelving location Date acquired Vendor Name Cost, normal purchase price SGTU Bill Number Total Checkouts Full call number Accession No. (Barcode) Date last seen Date last borrowed Bill Date Koha item type Total Renewals
    Dewey Decimal Classification     SGT Science & Social Sciences Library SGT Science & Social Sciences Library Text Book 28/07/2018 PRAGATI PRAKASHAN 390.00 SGTU 18-19/5797 10 SIN PS4318 19/06/2025 14/06/2025   Books  
    Dewey Decimal Classification     SGT Science & Social Sciences Library SGT Science & Social Sciences Library Text Book 28/07/2018 PRAGATI PRAKASHAN 390.00 SGTU 18-19/5797 32 SIN PS4319 23/06/2025 10/06/2025   Books 1
    Dewey Decimal Classification     SGT Science & Social Sciences Library SGT Science & Social Sciences Library Text Book 28/07/2018 PRAGATI PRAKASHAN 390.00 SGTU 18-19/5797 17 SIN PS4320 23/05/2025 23/05/2025   Books  
    Dewey Decimal Classification     SGT Science & Social Sciences Library SGT Science & Social Sciences Library Text Book 28/07/2018 PRAGATI PRAKASHAN 390.00 SGTU 18-19/5797 15 SIN PS4321 26/04/2024 12/04/2024   Books  
    Dewey Decimal Classification     SGT Science & Social Sciences Library SGT Science & Social Sciences Library Text Book 28/07/2018 PRAGATI PRAKASHAN 390.00 SGTU 18-19/5797 29 SIN PS4322 19/06/2025 10/06/2025   Books